El sistema de inspeccin̤ del trabajo en el Per ︢ Aspectos jurd̕icos /

Bibliographic Details
Main Author: Arce Ortz̕, Elmer
Format: eBook
Language:Spanish
Published: Lima: Palestra Editores, 2020
Subjects:
Online Access:Acceso restringido

MARC

LEADER 00000nam a22000007a 4500
005 20220822211340.0
007 cr|||| ||||
008 220822s2020 pe |||||s|||| 00||0 spa d
020 |a 9786123251543 
035 |a 36912 
040 |a vLex 
090 |c 13768  |d 13768 
100 1 |a Arce Ortz̕, Elmer 
245 1 2 |a El sistema de inspeccin̤ del trabajo en el Per ︢  |h [Recurso electrn̤ico] :  |b Aspectos jurd̕icos /  |c Elmer Arce Ortz̕ 
256 |a Servicio en ln̕ea 
260 |a Lima:  |b Palestra Editores,  |c 2020 
300 |a 1 recurso electrn̤ico 
500 |a “¿Qu ̌le falta a la Inspeccin̤ Laboral peruana para ser un gran sistema de garanta̕ de derechos?” es la pregunta que se intenta responder en este libro desde una p̤tica bs̀icamente normativa. Es decir, se busca interpelar las normas jurd̕icas que regulan la Inspeccin̤ de Trabajo y la Superintendencia Nacional de Fiscalizacin̤ Laboral (SUNAFIL), a efectos de analizar su idoneidad para crear un sistema potente y fuerte. La pretensin̤ de este programa de estudio obliga a fijar como punto de partida el Convenio 81 OIT, sobre Inspeccin̤ de Trabajo (aprobado y ratificado por Per)︢. Dicho Convenio concibe una Autoridad Central de Inspeccin̤ con fortaleza orgǹica o estructural, con un gran abanico de derechos laborales y de seguridad y salud a proteger, as ̕como con actuaciones inspectivas y procedimientos sancionadores rp̀idos, imparciales y eficientes para cumplir su objetivo. De este modo, insisto, de lo que se trata es de analizar, con profundidad y detalle, las principales instituciones reguladas en la Ley General de Inspeccin̤, Ley 28806, y en la Ley de creacin̤ de la SUNAFIL, Ley 29981, con el objeto de evaluar qu ̌tan adecuadas son estas normas y sus interpretaciones para construir un Sistema General de Inspeccin̤ a imagen y semejanza del diseądo en el Convenio 81 OIT. En este sentido, el presente libro aborda el fundamento de la inspeccin̤ laboral, en la organizacin̤ y fortalecimiento de SUNAFIL como Autoridad Central, en las actuaciones de investigacin̤ y comprobacin̤ de los inspectores y, finalmente, en los pormenores del procedimiento administrativo sancionador, poniendo ňfasis tambiň en el estudio de la infraccin̤ y de la sancin̤. 
506 1 |a Disponible solo en los productos indicados  |d vLex Global  |d vLex Global (Academic Edition, excluding Law Schools)  |d vLex Global (U.S. Academic Edition, Law Schools)  |d vLex Global (U.S. Academic Edition, excluding Law Schools)  |d vLex Global (Academic Edition, Law Schools) 
650 0 4 |a Derecho Laboral y Seguridad Social  |z Per︢ 
650 0 4 |a Procedimiento Laboral  |z Per︢ 
740 0 |a vLex Libros (Servicio en ln̕ea) 
856 4 0 |u https://app.vlex.com/#/sources/36912  |z Acceso restringido 
942 |c BOOK 
999 0 |a Labor Law and Social Security 
999 0 |a Labor Procedure